[Event "Verbandsliga Suedbaden 1920"]
[Site "Baden"]
[Date "2020.02.16"]
[Round "6.4"]
[White "Karcher, Patrick"]
[Black "Reichenbaecher, Thomas"]
[Result "1/2-1/2"]
[WhiteElo "2093"]
[BlackElo "1962"]
[PlyCount "64"]
[EventDate "2019.09.29"]
[EventType "team-tourn"]
[EventRounds "9"]
[EventCountry "GER"]
[SourceTitle "EXT 2021"]
[Source "ChessBase"]
[SourceDate "2020.10.23"]
[SourceVersion "1"]
[SourceVersionDate "2020.10.23"]
[SourceQuality "1"]
[WhiteTeam "Kuppenheim"]
[BlackTeam "Konstanz"]
[WhiteTeamCountry "GER"]
[BlackTeamCountry "GER"]

1. e3 g6 2. d4 Nf6 3. Nf3 Bg7 4. Be2 d5 5. 0-0 0-0 6. c4 e6 7. Nc3 b6 8. a4 a5 9. b3 Bb7 10. Ba3 Re8 11. Rc1 Ne4 12. Nxe4 dxe4 13. Nd2 Na6 14. c5 bxc5 15. dxc5 Bd5 16. Qc2 f5 17. Rfd1 Qe7 18. Bb2 Nb4 19. Qb1 Bxb2 20. Qxb2 Qg7 21. Qxg7+ Kxg7 22. f3 exf3 23. gxf3 Re7 24. e4 fxe4 25. fxe4 Bc6 26. Kf2 e5 27. Ke3 Be8 28. Bc4 Rb8 29. Rf1 Nc6 30. Nf3 h6 31. Rcd1 Bf7 32. Bxf7 Rxf7 1/2-1/2

[Event "Verbandsliga Suedbaden 1920"]
[Site "Baden"]
[Date "2020.01.12"]
[Round "4.4"]
[White "Schmitt, Anatole"]
[Black "Reichenbaecher, Thomas"]
[Result "1/2-1/2"]
[WhiteElo "1969"]
[BlackElo "1962"]
[PlyCount "40"]
[EventDate "2019.09.29"]
[EventType "team-tourn"]
[EventRounds "9"]
[EventCountry "GER"]
[SourceTitle "EXT 2021"]
[Source "ChessBase"]
[SourceDate "2020.10.23"]
[SourceVersion "1"]
[SourceVersionDate "2020.10.23"]
[SourceQuality "1"]
[WhiteTeam "Heitersheim"]
[BlackTeam "Konstanz"]
[WhiteTeamCountry "GER"]
[BlackTeamCountry "GER"]

1. e4 c5 2. Nf3 d6 3. c3 Nf6 4. Be2 Nc6 5. d4 e6 6. d5 exd5 7. exd5 Nb8 8. 0-0 Be7 9. c4 0-0 10. Nc3 Bf5 11. Bd3 Bg4 12. h3 Bh5 13. Bf4 a6 14. a3 Nbd7 15. Re1 Re8 16. b4 Qc7 17. Rc1 Bf8 18. g4 Bg6 19. Bxg6 hxg6 20. Rxe8 Rxe8 1/2-1/2

[Event "Verbandsliga Suedbaden 1819"]
[Site "Baden"]
[Date "2019.03.10"]
[Round "7.6"]
[White "Khalil, Alaa El Din"]
[Black "Reichenbaecher, Thomas"]
[Result "1/2-1/2"]
[WhiteElo "2100"]
[BlackElo "1949"]
[PlyCount "146"]
[EventDate "2018.10.14"]
[EventType "team-tourn"]
[EventRounds "9"]
[EventCountry "GER"]
[SourceTitle "EXT 2020"]
[Source "ChessBase"]
[SourceDate "2019.10.17"]
[SourceVersion "1"]
[SourceVersionDate "2019.10.17"]
[SourceQuality "1"]
[WhiteTeam "Baden-Baden IV"]
[BlackTeam "Konstanz"]
[WhiteTeamCountry "GER"]
[BlackTeamCountry "GER"]

1. d4 c5 2. c3 e6 3. Nf3 Nf6 4. e3 b6 5. Nbd2 Bb7 6. Bd3 Nc6 7. 0-0 Qc7 8. Qe2 Be7 9. Re1 a6 10. a3 b5 11. e4 c4 12. Bc2 0-0 13. Nf1 e5 14. Bg5 d6 15. Ne3 Na5 16. Nf5 Bc8 17. Rad1 Nb3 18. dxe5 dxe5 19. Nxe7+ Qxe7 20. Rd5 Bg4 21. h3 Bxf3 22. Qxf3 Qe6 23. Bxf6 Qxf6 24. Qxf6 gxf6 25. Bxb3 cxb3 26. Red1 Rac8 27. Rd6 Rc4 28. f3 Kg7 29. Kf2 a5 30. Rb6 b4 31. axb4 axb4 32. Rxb4 Rxb4 33. cxb4 Rb8 34. Rd3 Rxb4 35. Rc3 Kg6 36. Ke3 f5 37. g3 f6 38. h4 h6 39. Rc6 h5 40. Rc7 fxe4 41. fxe4 Rb6 42. Rc5 Kf7 43. Kd3 Ke6 44. Rc8 Rb7 45. Rc6+ Kf7 46. Kc3 Rb8 47. Rc7+ Ke6 48. Rg7 Rc8+ 49. Kxb3 Rb8+ 50. Kc3 Rc8+ 51. Kd2 Rb8 52. Kc2 Rb4 53. Kc3 Rxe4 54. b4 Re1 55. b5 Rb1 56. Kc4 Rc1+ 57. Kb4 e4 58. Rg8 Kf7 59. Ra8 Rb1+ 60. Kc4 e3 61. Ra2 Rc1+ 62. Kd3 Rb1 63. Ra7+ Kg6 64. Rb7 Rb3+ 65. Ke2 Kf5 66. b6 Ke4 67. Re7+ Kd4 68. b7 Rb2+ 69. Ke1 Rb1+ 70. Ke2 Rb2+ 71. Ke1 Rb1+ 72. Ke2 Rb2+ 73. Ke1 Rb1+ 1/2-1/2

[Event "Vellmar op 10th"]
[Site "Vellmar"]
[Date "2018.07.15"]
[Round "7"]
[White "Reichenbaecher, Thomas"]
[Black "Weber, Samuel"]
[Result "0-1"]
[WhiteElo "1966"]
[BlackElo "2197"]
[PlyCount "58"]
[EventDate "2018.07.12"]
[EventType "swiss"]
[EventRounds "7"]
[EventCountry "GER"]
[SourceTitle "CBM 185 Extra"]
[Source "ChessBase"]
[SourceDate "2018.07.29"]
[SourceVersion "1"]
[SourceVersionDate "2018.07.29"]
[SourceQuality "1"]

1. c4 Nf6 2. Nc3 e6 3. e4 Nc6 4. Nf3 e5 5. g3 d6 6. h3 g6 7. d3 Bg7 8. Bg2 0-0 9. Nd5 Nxd5 10. cxd5 Ne7 11. 0-0 c6 12. dxc6 bxc6 13. Bg5 h6 14. Bxe7 Qxe7 15. Qc2 Bd7 16. Rad1 a5 17. Rfe1 Rfb8 18. Nd2 Be6 19. Nc4 Bxc4 20. dxc4 a4 21. Rd3 Bf8 22. b4 Rxb4 23. c5 dxc5 24. Red1 Qe6 25. Kh2 a3 26. Rb3 Rxb3 27. axb3 Rb8 28. Rb1 c4 29. b4 Rxb4 0-1

[Event "Vellmar op 10th"]
[Site "Vellmar"]
[Date "2018.07.13"]
[Round "3"]
[White "Reichenbaecher, Thomas"]
[Black "Ruhl, Moritz"]
[Result "1/2-1/2"]
[WhiteElo "1966"]
[BlackElo "1783"]
[PlyCount "99"]
[EventDate "2018.07.12"]
[EventType "swiss"]
[EventRounds "7"]
[EventCountry "GER"]
[SourceTitle "CBM 185 Extra"]
[Source "ChessBase"]
[SourceDate "2018.07.29"]
[SourceVersion "1"]
[SourceVersionDate "2018.07.29"]
[SourceQuality "1"]

1. c4 Nf6 2. Nc3 e6 3. Nf3 d5 4. e3 c6 5. b3 Bd6 6. d4 Bb4 7. Bd2 0-0 8. c5 Nbd7 9. a3 Bxc3 10. Bxc3 Ne4 11. Bb2 f5 12. Be2 Qf6 13. 0-0 Nexc5 14. Ne5 Ne4 15. f3 Ng5 16. Kh1 Nxe5 17. dxe5 Qe7 18. Qd4 Bd7 19. Rac1 Rfc8 20. Qh4 Qd8 21. Rfd1 Nf7 22. Qd4 Qe7 23. b4 b6 24. Bc3 c5 25. Qd2 Ba4 26. Re1 Qd7 27. f4 Nd8 28. Qb2 Bb5 29. Bf3 Bd3 30. Red1 Be4 31. Qf2 Bxf3 32. gxf3 Nc6 33. Rd2 cxb4 34. Bb2 a5 35. Rg1 b5 36. e4 bxa3 37. exd5 axb2 38. dxc6 Qxc6 39. Rxb2 a4 40. Rd2 Rd8 41. Rc2 Qd7 42. Qg3 Rac8 43. Rcg2 Rc7 44. Qh4 Rdc8 45. Qf6 Rf8 46. Rxg7+ Qxg7 47. Rxg7+ Rxg7 48. Qxe6+ Kh8 49. h4 Rfg8 50. Qf6 1/2-1/2

[Event "Rhein Main op-A 21st"]
[Site "Bad Homburg"]
[Date "2018.06.03"]
[Round "7"]
[White "Reichenbaecher, Thomas"]
[Black "Lehmann, Tim"]
[Result "1/2-1/2"]
[WhiteElo "1993"]
[BlackElo "1852"]
[PlyCount "37"]
[EventDate "2018.05.30"]
[EventType "swiss"]
[EventRounds "7"]
[EventCountry "GER"]
[SourceTitle "EXT 2019"]
[Source "ChessBase"]
[SourceDate "2018.10.10"]
[SourceVersion "1"]
[SourceVersionDate "2018.10.10"]
[SourceQuality "1"]

1. c4 g6 2. Nc3 Bg7 3. g3 c5 4. Bg2 Nc6 5. Nf3 Nf6 6. d4 cxd4 7. Nxd4 0-0 8. 0-0 a6 9. Nc2 d6 10. Rb1 Nd7 11. Nd5 Nb6 12. b3 Nxd5 13. cxd5 Na7 14. Bb2 Bd7 15. Bxg7 Kxg7 16. Nd4 Nb5 17. Rc1 Rc8 18. Qd2 Qb6 19. Nf3 1/2-1/2

[Event "Verbandsliga Suedbaden 1415"]
[Site "Baden"]
[Date "2014.10.12"]
[Round "1.7"]
[White "Weidauer, Sigurd"]
[Black "Reichenbaecher, Thomas"]
[Result "0-1"]
[WhiteElo "1976"]
[BlackElo "1991"]
[PlyCount "138"]
[EventDate "2014.10.12"]
[EventType "team-tourn"]
[EventRounds "9"]
[EventCountry "GER"]
[SourceTitle "EXT 2022"]
[Source "ChessBase"]
[SourceDate "2021.10.06"]
[SourceVersion "1"]
[SourceVersionDate "2021.10.06"]
[SourceQuality "1"]
[WhiteTeam "Sasbach"]
[BlackTeam "Konstanz"]
[WhiteTeamCountry "GER"]
[BlackTeamCountry "GER"]

1. e4 c6 2. c4 e5 3. Nf3 Nf6 4. Nc3 Bb4 5. d3 d6 6. Be2 Qe7 7. 0-0 a5 8. Ne1 Bc5 9. Nc2 Nbd7 10. Kh1 Nf8 11. Ne3 Ng6 12. Re1 0-0 13. Bf1 Qc7 14. h3 Be6 15. g3 Qd7 16. Kh2 Ne8 17. Qh5 f5 18. Bg2 f4 19. Ned1 Nf6 20. Qe2 fxg3+ 21. fxg3 Rf7 22. Ne3 Raf8 23. Bd2 h5 24. Rf1 h4 25. Nf5 Bxf5 26. exf5 hxg3+ 27. Kxg3 Ne7 28. Kh2 Nxf5 29. Ne4 Nxe4 30. Bxe4 d5 31. cxd5 cxd5 32. Bxf5 Rxf5 33. Rxf5 Qxf5 34. Bc3 Bd6 35. Kg2 b6 36. Rf1 Qxf1+ 37. Qxf1 Rxf1 38. Kxf1 Kf7 39. Kf2 Ke6 40. b3 Kf5 41. Bd2 Bc5+ 42. Ke2 Bd4 43. Bc1 Bc3 44. a4 Bd4 45. Bd2 Bc5 46. Bc1 g6 47. Bd2 e4 48. Bc1 Ke5 49. Bh6 Kf5 50. Bc1 g5 51. dxe4+ dxe4 52. Bd2 g4 53. hxg4+ Kxg4 54. Bh6 Kf5 55. Bg7 Ke6 56. Kd2 Kd5 57. Ke2 Bd4 58. Bf8 Kc6 59. Be7 Kd5 60. Ba3 Bg7 61. Be7 Bd4 62. Bf8 Kc6 63. Be7 Kb7 64. Ba3 b5 65. Bc1 bxa4 66. bxa4 Kc6 67. Bd2 Bb6 68. Bg5 Kd5 69. Bf6 Kc4 0-1

[Event "SB-2013-0-00335"]
[Site "LSS email"]
[Date "2013.10.31"]
[Round "?"]
[White "Glowatzky, Tihomir"]
[Black "Reichenbaecher, Thomas"]
[Result "1-0"]
[WhiteElo "1947"]
[BlackElo "1943"]
[PlyCount "57"]
[EventDate "2013.10.01"]
[EventType "tourn (corr)"]
[EventRounds "6"]
[EventCountry "GER"]
[SourceTitle "Corr 2022"]
[Source "ChessBase"]
[SourceDate "2021.10.24"]
[SourceVersion "1"]
[SourceVersionDate "2021.10.24"]
[SourceQuality "1"]

1. d4 f5 2. g3 Nf6 3. Bg2 g6 4. Nf3 d6 5. 0-0 Bg7 6. c4 0-0 7. b4 c5 8. bxc5 dxc5 9. e3 Nc6 10. Bb2 Qb6 11. Qc2 cxd4 12. c5 Qa6 13. Qb3+ Kh8 14. exd4 Rb8 15. Rd1 b6 16. Bf1 Qb7 17. d5 Na5 18. Qa3 Nxd5 19. Bg2 Nf6 20. Nbd2 Qd5 21. Be5 Rb7 22. Nb3 Qg8 23. Nxa5 bxa5 24. Rac1 Ng4 25. c6 Rb5 26. Bxg7+ Qxg7 27. c7 f4 28. Rd8 fxg3 29. hxg3 1-0

[Event "Wiesbaden op 25th"]
[Site "Wiesbaden"]
[Date "2013.08.24"]
[Round "5"]
[White "Reichenbaecher, Thomas"]
[Black "Anhalt, Albert"]
[Result "1/2-1/2"]
[WhiteElo "1966"]
[BlackElo "1776"]
[PlyCount "64"]
[EventDate "2013.08.22"]
[EventType "swiss"]
[EventRounds "7"]
[EventCountry "GER"]
[SourceTitle "EXT 2014"]
[Source "ChessBase"]
[SourceDate "2013.11.20"]
[SourceVersion "1"]
[SourceVersionDate "2013.11.20"]
[SourceQuality "1"]

1. g3 Nf6 2. Bg2 d5 3. d4 c6 4. Nf3 g6 5. 0-0 Bg7 6. c4 0-0 7. Qb3 Qb6 8. Nc3 Qxb3 9. axb3 e6 10. Bf4 Na6 11. Rfd1 Rd8 12. Be5 h6 13. Nd2 Ng4 14. Bxg7 Kxg7 15. c5 e5 16. h3 exd4 17. Na4 Nf6 18. Nf3 Ne4 19. Rac1 Ng5 20. Nxg5 hxg5 21. Rxd4 Rh8 22. e4 dxe4 23. Rxe4 Be6 24. b4 Nc7 25. Nc3 a6 26. Re5 Rad8 27. b3 Rd4 28. Re4 Rhd8 29. Rce1 Rxe4 30. Rxe4 Rd7 31. Re3 Bxb3 32. Ne4 Bd5 1/2-1/2

[Event "Wiesbaden op 25th"]
[Site "Wiesbaden"]
[Date "2013.08.23"]
[Round "3"]
[White "Reichenbaecher, Thomas"]
[Black "Serbu, Eli"]
[Result "0-1"]
[WhiteElo "1965"]
[BlackElo "2166"]
[PlyCount "76"]
[EventDate "2013.08.22"]
[EventType "swiss"]
[EventRounds "7"]
[EventCountry "GER"]
[SourceTitle "CBM 156 Extra"]
[Source "ChessBase"]
[SourceDate "2013.10.22"]
[SourceVersion "1"]
[SourceVersionDate "2013.10.22"]
[SourceQuality "1"]

1. g3 Nf6 2. Bg2 g6 3. Nf3 Bg7 4. d4 0-0 5. 0-0 c5 6. c3 cxd4 7. cxd4 d5 8. Ne5 Nc6 9. Nxc6 bxc6 10. Qa4 Qb6 11. Nc3 Bf5 12. Qa3 Rfe8 13. e3 Rab8 14. Rd1 Bf8 15. Na4 Qa6 16. Bf1 Qc8 17. Nc5 Bg4 18. Re1 e5 19. Qc3 Bxc5 20. dxc5 Ne4 21. Qc2 Ng5 22. Bg2 Bf3 23. e4 Bxg2 24. Bxg5 Bf3 25. Qd3 Bxe4 26. Rxe4 dxe4 27. Qd2 Qf5 28. Be3 Red8 29. Qa5 Rd7 30. Qa6 Rbd8 31. Qe2 Qf3 32. Qxf3 exf3 33. h3 Rd1+ 34. Rxd1 Rxd1+ 35. Kh2 Rb1 36. g4 Rxb2 37. Kg3 Rxa2 38. Kxf3 f5 0-1

[Event "RB-2013-0-00203"]
[Site "LSS email"]
[Date "2013.01.31"]
[Round "?"]
[White "Reichenbaecher, Thomas"]
[Black "Korchut, Adam"]
[Result "1/2-1/2"]
[WhiteElo "1954"]
[BlackElo "1837"]
[PlyCount "51"]
[EventDate "2013.01.01"]
[EventType "tourn (corr)"]
[EventRounds "6"]
[EventCountry "GER"]
[SourceTitle "Telechess CBM 159"]
[Source "ChessBase"]
[SourceDate "2014.03.17"]
[SourceVersion "1"]
[SourceVersionDate "2014.03.17"]
[SourceQuality "1"]

1. e4 e5 2. Nf3 Nc6 3. Bb5 a6 4. Bxc6 dxc6 5. 0-0 Bg4 6. h3 h5 7. d3 Qf6 8. Be3 Bxf3 9. Qxf3 Qxf3 10. gxf3 Bd6 11. Nd2 Ne7 12. Rfb1 Ng6 13. b4 f6 14. Nc4 Nh4 15. Nd2 0-0 16. Kf1 f5 17. Ke2 f4 18. Bc5 Rad8 19. a4 Kf7 20. Bxd6 cxd6 21. b5 axb5 22. axb5 Ra8 23. Rxa8 Rxa8 24. bxc6 bxc6 25. Rb6 Rc8 26. Rb7+ 1/2-1/2

[Event "Wiesbaden op 23rd"]
[Site "Wiesbaden"]
[Date "2011.08.28"]
[Round "6"]
[White "Beulertz, Stefan"]
[Black "Reichenbaecher, Thomas"]
[Result "1/2-1/2"]
[WhiteElo "1897"]
[BlackElo "1996"]
[PlyCount "47"]
[EventDate "2011.08.25"]
[EventType "swiss"]
[EventRounds "7"]
[EventCountry "GER"]
[SourceTitle "CBM 144 Extra"]
[Source "ChessBase"]
[SourceDate "2011.10.28"]
[SourceVersion "1"]
[SourceVersionDate "2011.10.28"]
[SourceQuality "1"]

1. e4 c6 2. Nf3 g6 3. d4 Bg7 4. Nc3 d6 5. h3 e6 6. Bd3 f6 7. 0-0 Nh6 8. e5 dxe5 9. dxe5 f5 10. a4 Nf7 11. Qe2 0-0 12. Bc4 Re8 13. Re1 a5 14. h4 h6 15. Bf4 b6 16. Rad1 Qe7 17. Qe3 Nd7 18. Rd2 Nc5 19. Red1 Kh7 20. b3 Ba6 21. Bxa6 Rxa6 22. g3 Raa8 23. Kg2 Rac8 24. Rd4 1/2-1/2

[Event "Wiesbaden op 23rd"]
[Site "Wiesbaden"]
[Date "2011.08.28"]
[Round "7"]
[White "Reichenbaecher, Thomas"]
[Black "Schuenemann, Robert"]
[Result "1/2-1/2"]
[WhiteElo "1996"]
[BlackElo "1649"]
[PlyCount "57"]
[EventDate "2011.08.25"]
[EventType "swiss"]
[EventRounds "7"]
[EventCountry "GER"]
[SourceTitle "CBM 144 Extra"]
[Source "ChessBase"]
[SourceDate "2011.10.28"]
[SourceVersion "1"]
[SourceVersionDate "2011.10.28"]
[SourceQuality "1"]

1. d4 d5 2. g3 Nf6 3. Bg2 Bf5 4. c4 e6 5. Nf3 Nbd7 6. 0-0 Be7 7. Nc3 0-0 8. Qb3 dxc4 9. Qxb7 c5 10. Qa6 Nb6 11. Ne5 Rc8 12. dxc5 Bxc5 13. Nc6 Qe8 14. Qb5 Nbd7 15. Na4 Be4 16. Nxc5 Bxg2 17. Kxg2 Nxc5 18. Qxc5 Qxc6+ 19. Qxc6 Rxc6 20. Be3 a6 21. Rfd1 Nd5 22. Bd4 f6 23. e4 Nb4 24. Bc3 Nd3 25. b3 Rd8 26. b4 Kf7 27. Rdb1 Rb8 28. a3 Ke7 29. f4 1/2-1/2